000 01239nam a2200349Ia 4500
001 ebr10434971
003 CaPaEBR
006 m u
007 cr cn|||||||||
008 100528s2010 mdub sbd 000 0 eng d
010 _z 2010022542
020 _z9780810854963
020 _z0810854961
020 _z9780810875043
020 _z0810875047
040 _aCaPaEBR
_cCaPaEBR
035 _a(OCoLC)694787206
050 1 4 _aF1026
_b.G69 2010eb
082 0 4 _a971.003
_222
100 1 _aGough, Barry M.
245 1 0 _aHistorical dictionary of Canada
_h[electronic resource] /
_cBarry M. Gough.
250 _a2nd ed.
260 _aLanham :
_bScarecrow Press,
_c2010.
300 _al, 497 p. :
_bmaps.
504 _aIncludes bibliographical references.
533 _aElectronic reproduction.
_bPalo Alto, Calif. :
_cebrary,
_d2011.
_nAvailable via World Wide Web.
_nAccess may be limited to ebrary affiliated libraries.
650 0 _aNational characteristics, Canadian.
651 0 _aCanada
_xHistory
_vDictionaries.
655 7 _aElectronic books.
_2local
710 2 _aebrary, Inc.
856 4 0 _uhttp://site.ebrary.com/lib/rucke/Doc?id=10434971
_zAn electronic book accessible through the World Wide Web; click to view
999 _c235023
_d235023